000 00672nam a22001937a 4500
999 _c174427
_d174427
005 20200615151208.0
010 _aUR-10793
020 _c54.00
_a-
035 _aU-9348
037 _bDBAD/PUB
082 _a270
100 _aعلا مہ يو سف ا لقر ضا و ی
245 _aو قت کی ا ہميت
_cعلا مہ يو سف ا لقر ضا و ی
246 _bWaqt KiAhmmiyat (Urdu)
_aby Allama Yusuf Ali
260 _aN.Delhi
_bMarkazi Maktaba Islami Publishers
_c2015 ء
270 _aD-307,Dawat Nagar Abulfazal Enclave Jamia Nagar,
_bN.Delhi
_e110025
_k26981652
_l-
300 _a120 ص
_c22 Cm(Hb)
942 _2ddc
_cUR
_h270
_mی و س